Management and cost accounting (Record no. 2923)

MARC details
005 - DATE AND TIME OF LATEST TRANSACTION
control field 20250603074931.0
020 ## - INTERNATIONAL STANDARD BOOK NUMBER
International Standard Book Number 1-84480-028-8
082 ## - DEWEY DECIMAL CLASSIFICATION NUMBER
Classification number LECT 657.42 DRU
100 ## - MAIN ENTRY--PERSONAL NAME
Author name DRURY, C.
245 ## - TITLE STATEMENT
Title Management and cost accounting
250 ## - EDITION STATEMENT
Edition statement 6th Ed.
260 ## - PUBLICATION, DISTRIBUTION, ETC.
Place of publication, distribution, etc. London,
Name of publisher, distributor, etc. Thomson,
Date of publication, distribution, etc. 2004.
300 ## - PHYSICAL DESCRIPTION
Extent xxxii, 1280p.: ill.; chart, figure, graph, picture, table.
Other physical details Bibliography & index,
Dimensions 25cm.
856 ## - ELECTRONIC LOCATION AND ACCESS
Link text Access online book
Electronic name Management and cost accounting
Path http://www.thomsonlearning.co.uk
942 ## - ADDED ENTRY ELEMENTS (KOHA)
Source of classification or shelving scheme Dewey Decimal Classification
Koha item type Books
Holdings
Date last seen Total checkouts Full call number Barcode Cost, replacement price Price effective from Koha item type Lost status Source of classification or shelving scheme Damaged status Not for loan Withdrawn status Home library Current library Shelving location Date acquired Cost, normal purchase price
05/31/2025   LECT 657.42 DRU 00000010536 90000.00 05/31/2025 Books   Dewey Decimal Classification       College of Business Education Main Library College of Business Education Main Library General Collection 05/05/2004 30000.00
06/03/2025   LECT 657.42 DRU 00000010713 90000.00 06/03/2025 Books   Dewey Decimal Classification       College of Business Education Main Library College of Business Education Main Library General Collection 05/05/2004 30000.00
06/03/2025   LECT 657.42 DRU 00000010714 90000.00 06/03/2025 Books   Dewey Decimal Classification       College of Business Education Main Library College of Business Education Main Library General Collection 05/05/2004 30000.00